00000000cam 2200000zi 4500
0019.962660
003CaOODSP
00520260604152011
006m     o  d f      
007cr cn ||||||||
008260507t20232026onc     ob   f000 0 fre d
020 |a9780660999012
040 |aCaOODSP|bfre|erda|cCaOODSP
043 |an-cn---
0861 |aBT39-94/2026F-PDF
24500|aLignes directrices sur la diversité et l'inclusion dans les produits et les activités de communication.
264 1|aOttawa, Ontario : |bSecrétariat du Conseil du trésor du Canada = Treasury Board of Canada Secretariat, |c2023.
264 4|c©2026
300 |a1 ressource en ligne (6 pages)
336 |atexte|btxt|2rdacontent/fre
337 |ainformatique|bc|2rdamedia/fre
338 |aressource en ligne|bcr|2rdacarrier/fre
500 |aPublié aussi en anglais sous le titre : Guidelines on making communications products and activities diverse and inclusive.
500 |a« Publié : le 2023-12-20. »
650 6|aCommunication|xPlanification|zCanada.
650 6|aMulticulturalisme en milieu de travail|xPolitique gouvernementale|zCanada.
650 6|aAnalyse différenciée selon les sexes|xPolitique gouvernementale|zCanada.
7101 |aCanada. |bConseil du trésor, |eorganisme de publication.
77508|tGuidelines on making communications products and activities diverse and inclusive.|w(CaOODSP)9.962659
85640|qPDF|s849 Ko|uhttps://publications.gc.ca/collections/collection_2026/sct-tbs/BT39-94-2026-fra.pdf
8564 |qHTML|sS.O.|uhttps://www.tbs-sct.canada.ca/pol/doc-fra.aspx?id=32728